| 000 | 00389nam a2200169Ia 4500 | ||
|---|---|---|---|
| 008 | 180207s9999 xx 000 0 und d | ||
| 020 | _a9781570820406 | ||
| 050 | _bJ954 1994 | ||
| 245 | 4 | _aThe jungle book / | |
| 260 | _aUSA : | ||
| 260 | _bMouse Works, | ||
| 260 | _c1994 | ||
| 300 | _a95 pages : | ||
| 300 | _bcolor illustration ; | ||
| 300 | _c29cm. | ||
| 440 | _aWalt Disney's. | ||
| 999 |
_c355554 _d355554 |
||